Псевдолинейный нечеткий регулятор системы автоматического управления; Информационные технологии в науке, управлении, социальной сфере и медицине; Ч. 1

Sonraí bibleagrafaíochta
Parent link:Информационные технологии в науке, управлении, социальной сфере и медицине: сборник научных трудов Международной конференции с международным участием , 29 апреля - 2 мая 2014 г., Томск/ Национальный исследовательский Томский политехнический университет (ТПУ).— , 2014
Ч. 1.— 2014.— [С. 80-82]
Príomhchruthaitheoir: Ершов А. Ю.
Údar corparáideach: Национальный исследовательский Томский политехнический университет (ТПУ) Институт кибернетики (ИК) Кафедра автоматики и компьютерных систем (АИКС)
Rannpháirtithe: Скороспешкин В. Н. Владимир Николаевич
Achoimre:Заглавие с титульного экрана
In this paper we consider pseudo-linear fuzzy controller consisting of a serial connection pseudo-linear correcting device (PCD) with amplitude suppression and the classical PID controller. In the process of operation, tuning PCD based on fuzzy logic.
Teanga:Rúisis
Foilsithe / Cruthaithe: 2014
Sraith:Информационные системы и технологии
Ábhair:
Rochtain ar líne:http://www.lib.tpu.ru/fulltext/c/2014/C24/V1/027.pdf
Formáid: Leictreonach Caibidil leabhair
KOHA link:https://koha.lib.tpu.ru/cgi-bin/koha/opac-detail.pl?biblionumber=607767

MARC

LEADER 00000naa2a2200000 4500
001 607767
005 20260312144215.0
035 |a (RuTPU)RU\TPU\conf\5173 
035 |a RU\TPU\conf\5171 
090 |a 607767 
100 |a 20140901d2014 k y0rusy50 ca 
101 0 |a rus 
102 |a RU 
135 |a drnn ---uucaa 
181 0 |a i  
182 0 |a b 
200 1 |a Псевдолинейный нечеткий регулятор системы автоматического управления  |f А. Ю. Ершов, В. Н. Скороспешкин  |d Pseudo-linear fuzzy controller of automatic control system 
203 |a Текст  |c электронный 
225 1 |a Информационные системы и технологии 
300 |a Заглавие с титульного экрана 
320 |a [Библиогр.: с. 82 (2 назв.)] 
330 |a In this paper we consider pseudo-linear fuzzy controller consisting of a serial connection pseudo-linear correcting device (PCD) with amplitude suppression and the classical PID controller. In the process of operation, tuning PCD based on fuzzy logic. 
337 |a Adobe Reader 
461 1 |0 (RuTPU)RU\TPU\conf\4263  |t Информационные технологии в науке, управлении, социальной сфере и медицине  |o сборник научных трудов Международной конференции с международным участием , 29 апреля - 2 мая 2014 г., Томск  |o в 2 ч.  |f Национальный исследовательский Томский политехнический университет (ТПУ)   |d 2014 
463 1 |0 (RuTPU)RU\TPU\conf\5084  |t Ч. 1  |v [С. 80-82]  |d 2014 
510 1 |a Pseudo-linear fuzzy controller of automatic control system  |z eng 
610 1 |a труды учёных ТПУ 
610 1 |a электронный ресурс 
610 1 |a нечеткое регулирование 
610 1 |a псевдолинейные устройства 
610 1 |a системы автоматического управления 
700 1 |a Ершов  |b А. Ю. 
701 1 |a Скороспешкин  |b В. Н.  |c специалист в области информатики и вычислительной техники  |c доцент Томского политехнического университета, кандидат технических наук  |f 1951-  |g Владимир Николаевич  |3 (RuTPU)RU\TPU\pers\26808  |9 12433 
712 0 2 |a Национальный исследовательский Томский политехнический университет (ТПУ)  |b Институт кибернетики (ИК)  |b Кафедра автоматики и компьютерных систем (АИКС)  |3 (RuTPU)RU\TPU\col\18698 
801 2 |a RU  |b 63413507  |c 20140902  |g RCR 
856 4 |u http://www.lib.tpu.ru/fulltext/c/2014/C24/V1/027.pdf 
942 |c BK